000 01731nam a2200397 a 4500
999 _c75489
_d75489
003 BLK
005 20250719140917.0
008 180408b bul|||||r ||||||| ||bul||
010 _aKNG00079906000
020 _a978-954-431-328-9
040 _aBLK
041 _aBUL
_cBUL
080 _aРуска литература
_b821.161.1
_x-93-91
_z821.161.1-93-91
139 _aРибарят и златната рибка
_bР 58
245 1 0 _aРибарят и златната рибка
_cпо Александър Сергеевич Пушкин; адапт. Галина Златина; худож. Галин Николаев Георгиев; худож. Светлана Ангелова Князева.
257 _aRUS
260 _aСофия
_bЗлатното пате
_c2008
300 _a10 с.
_bс цв. ил.
_c22Х24 см
380 _aDX
490 _aСтъпка по стъпка
_9203332
500 _aГалина Златина е псевд. на Галина Йорданова Златарева.
653 _aадаптирани книги
653 _aлитература за деца
653 _aдетска литература
700 _aПушкин, Александър Сергеевич
_d1799-1837
_9364559
700 _aЗлатарева, Галина Йорданова
_d1954
_9363759
700 _aГеоргиев, Галин Николаев
_9368580
700 1 _aКнязева, Светлана Ангелова
_eхудож.
_9367584
852 _aЦб 237379
856 4 _qpdf
_i0.00
_ldisable
856 4 _qpdf
_i0.00
_ldisable
942 _cKNG
_n0
_023
_s1
944 _aCR
_c04.12.2007
_lРусанова Ирена
_k30542
944 _aED
_c22.03.2012
_lф /
999 _d75489